00692 a2200193 4500020001000000035001300010037004300023082000600066090001500072100002600087245005600113260003900169270008800208300002400296490002600320942002100346999001500367952011600382 c75.00 aB-211053 bRP-PV-4 / PANSY-07-08:5 / RP-07-08:ENG14aN c3779d37791 aGardner, Erle Stanley1 aThe case of the Lazy Lovercby Erle Stanley Gardner aBangalorebMaster Mind Booksc2002 aNo. 25, Vasan Towers, Dr. TCM Royan Raode560053k080-26705679mvasanbks@bgl.net.in a192 pc18 cm (pbk) aA perry mason mystery adplcENkN / GAR c3701d3701 00102ddc407-18FICaZLSbZLSg75.00l0oN GARpB-211053r2008-09-15 00:00:00t1u3937v75.00w2008-09-15yEN